LEADER 00918nam0-22003131i-450- 001 990003868910403321 005 20080123143618.0 010 $a0-333-25606-9 035 $a000386891 035 $aFED01000386891 035 $a(Aleph)000386891FED01 035 $a000386891 100 $a20030910d--------km-y0itay50------ba 101 0 $aita 102 $aIT 200 1 $aBritish Industry and the North Sea$eState Intervention in a Developing Industrial Sector$fMichael Jenkin. 210 $aLondon$aBSSingstoke$cMacmillan$d1981. 215 $axiii, 251 p.$d22 cm 610 0 $aPolitica industriale$aGran Bretagna 676 $aF/1.402 676 $aH/2.14 700 1$aJenkin,$bMichael$0146734 801 0$aIT$bUNINA$gRICA$2UNIMARC 901 $aBK 912 $a990003868910403321 952 $aH/2.14 JEN$b11079/I$fSES 959 $aSES 996 $aBritish Industry and the North Sea$9514161 997 $aUNINA LEADER 03668nam 2200697Ia 450 001 9910957747803321 005 20251117082908.0 010 $a0-429-91509-8 010 $a0-429-90086-4 010 $a0-429-47609-4 010 $a1-283-06845-1 010 $a9786613068453 010 $a1-84940-257-4 035 $a(CKB)2550000000033142 035 $a(EBL)690154 035 $a(OCoLC)723944552 035 $a(SSID)ssj0000523472 035 $a(PQKBManifestationID)11342462 035 $a(PQKBTitleCode)TC0000523472 035 $a(PQKBWorkID)10542078 035 $a(PQKB)11001674 035 $a(MiAaPQ)EBC690154 035 $a(Au-PeEL)EBL690154 035 $a(CaPaEBR)ebr10463950 035 $a(CaONFJC)MIL306845 035 $a(OCoLC)726747168 035 $a(FlBoTFG)9780429476099 035 $a(EXLCZ)992550000000033142 100 $a19990602d1998 uy 0 101 0 $aeng 135 $aur||| ||||| 181 $ctxt 182 $cc 183 $acr 200 10$aInternal objects revisited /$fJoseph Sandler & Anne-Marie Sandler; foreword by Otto F. Kernberg 205 $aFirst edition. 210 $aLondon $cKarnac$d1998 215 $a1 online resource (192 p.) 225 1 $aKARNAC 300 $aDescription based upon print version of record. 311 08$a0-367-10500-4 311 08$a1-85575-191-7 320 $aIncludes bibliographical references and index. 327 $aCOVER; CONTENTS; PREFACE; FOREWORD; CHAPTER ONE On the psychoanalytic theory of motivation; CHAPTER TWO The striving for ""identity of perception""; CHAPTER THREE On role-responsiveness; CHAPTER FOUR On object relations and affects; CHAPTER FlVE Character traits and object relations; CHAPTER SIX Stranger anxiety and internal objects; CHAPTER SEVEN Comments on the psychodynamics of interaction; CHAPTER EIGHT A theory of internal object relations; NOTES; BIBLIOGRAPHY; INDEX 330 3 $aThe authors show how their ego-psychological object relations theory integrates drive theory and object relations theory and does justice to recent findings regarding the vicissitudes of transference and countertransference interactions in the psychoanalytic situation. 'A significant shift has taken place in the last few decades in the way in which psychoanalytic theory has developed and in its application to psychoanalytic technique. This development has, in essence, consisted in the ascendance of object relations theory as an overall integrating frame of reference linking psychoanalytic metapsychology closer to the vicissitudes of the psychoanalytic process. This has facilitated the formulation of unconscious intrapsychic conflict in more clinically helpful ways than has the traditional frame of reference exclusively based on the conflict between drives and defensive operations. 'The great interest of the Sandler's approach resides in their careful and systematic elaboration of what might be called the various "building blocks" of a contemporary ego psychological object relations theory, carefully exploring each areas on its own merits before gradually taking them into an overall theoretical approach. 410 0$aKARNAC 606 $aObject relations (Psychoanalysis) 606 $aMotivation (Psychology) 615 0$aObject relations (Psychoanalysis) 615 0$aMotivation (Psychology) 676 $a150.19/5 676 $a150.195 700 $aSandler$b Joseph$0169937 701 $aSandler$b Anne-Marie$0291851 801 0$bMiAaPQ 801 1$bMiAaPQ 801 2$bMiAaPQ 906 $aBOOK 912 $a9910957747803321 996 $aInternal objects revisited$953534 997 $aUNINA